[Event "Ano Liosia op"]
[Site "Ano Liosia"]
[Date "2001.01.05"]
[Round "8"]
[White "Gur, Eyal"]
[Black "Khamrakulov, Ibragim S"]
[Result "0-1"]
[WhiteElo "2200"]
[BlackElo "2359"]
[PlyCount "58"]
[EventDate "2000.12.27"]
[EventType "swiss"]
[EventRounds "9"]
[EventCountry "GRE"]
[SourceTitle "CBM 079 Extra"]
[Source "ChessBase"]
[SourceDate "2001.01.11"]
[SourceVersion "2"]
[SourceVersionDate "2001.01.25"]
[SourceQuality "1"]

1. e4 c5 2. Nf3 Nc6 3. d4 cxd4 4. Nxd4 Qb6 5. Nb3 e6 6. Nc3 Nf6 7. Be3 Qc7 8. g4 Bb4 9. Bg2 d5 10. g5 Nxe4 11. Bxe4 dxe4 12. Qg4 Ne5 13. Qxe4 Bxc3+ 14. bxc3 Qxc3+ 15. Ke2 Bd7 16. Nd4 Qc4+ 17. Ke1 Qb4+ 18. Kf1 Nc4 19. Kg2 Nxe3+ 20. Qxe3 0-0 21. h4 e5 22. Ne2 Rad8 23. h5 Qg4+ 24. Ng3 Bc6+ 25. f3 Bxf3+ 26. Kf2 Bxh1 27. Rxh1 Rd4 28. h6 Rfd8 29. Qxe5 Rf4+ 0-1